2025 MLB Season - Statistics

General Stats
  • This quiz has been taken 91 times
  • The average score is 18 of 24
Answer Stats
Hint Answer % Correct
World Series Winner Los Angeles Dodgers
100%
NL MVP Shohei Ohtani
99%
AL MVP Aaron Judge
97%
Loser Toronto Blue Jays
97%
NL East Team, With the Best Record For the First Part of the Season, That Suffered the Biggest Collapse of All Time and Missed the Playoffs New York Mets
85%
Rookie of the Year Winners Nick Kurtz
85%
Cy Young Winners Tarik Skubal
85%
Cy Young Winners Paul Skenes
83%
Two Guardians Pitchers Placed on Administrative Leave for Gambling Emmanuel Clase
81%
World Series MVP Yoshinobu Yamamoto
79%
Blue Jays Infielder Who Broke the Postseason Record for Hits Ernie Clement
76%
Player Who Signed A 735 Million Dollar Contract and then Stole 38 Bases and Hit 43 Home Runs Juan Soto
76%
Home Run Derby Champion Cal Raleigh
75%
Player Who Hit a Walk-Off Home Run at the End of the 18th Inning in the World Series Freddie Freeman
75%
Astros Pitcher Who Purposely Hit is Catcher With a Pitch Framber Valdez
72%
Rookie of the Year Winners Drake Baldwin
71%
Play Who Hit a Tying Home Run in the Bottom of the 9th Inning in Game 7 to Send the Game to Extras Miguel Rojas
69%
All Star Game MVP Kyle Schwarber
63%
Athletics Rookie That Made Quite Possibly the Best Catch All Time Denzel Clarke
61%
Two Guardians Pitchers Placed on Administrative Leave for Gambling Luis Ortiz
57%
Struggling Infielder Turned Outfielder Who Made the All Star Game Javier Baez
53%
Platinum Glove Winners Fernando Tatis Jr.
43%
Roberto Clemente Award Winner Mookie Betts
38%
Platinum Glove Winners Bobby Witt Jr.
36%
No matching quizzes found
Score Distribution
Percent of People with Each Score
Percentile by Number Answered
Your Score History
You have not taken this quiz